000 00773nam a2200241Ia 4500
003 OSt
005 20220930085430.0
006 a|||||r|||| 00| 0
007 ta
008 220926b |||||||| |||| 00| 0 eng d
024 _a100004
037 _cTheses
040 _aCRL
_cCRL
_beng
041 _2eng
_aeng
100 _aSaigal Pooja
_9540253
110 _aUniversity of Delhi. Facaulty of Science. Department of Botany
245 0 _aColning partial purification and characterization of nitric oxide synthase like enzyme from brassica juncea
650 _aBOTANY
700 _a Dr. Renu Deswal Gu.
700 _aUniversity of Delhi. Facaulty of Science. Department of Botany
942 _cDIS
_2CC
999 _c878907
_d878907